Central Library OPAC University of Rajshahi

বঙ্গবন্ধু শেখ মুজিবকে নিবেদিত কবিতা / (Record no. 80247)

MARC details
000 -LEADER
fixed length control field 01174nam a2200253 a 4500
001 - CONTROL NUMBER
control field 80247
003 - CONTROL NUMBER IDENTIFIER
rucl marc code BD-RjUL
005 - DATE AND TIME OF LATEST TRANSACTION
control field 20220828114515.0
008 - FIXED-LENGTH DATA ELEMENTS--GENERAL INFORMATION
fixed length control field 220828s2022 bg ||||| |||| 00| 0 ben d
020 ## - INTERNATIONAL STANDARD BOOK NUMBER
International Standard Book Number 9789849630074
035 ## - SYSTEM CONTROL NUMBER
System control number (BD-RjUL)80247
040 ## - CATALOGING SOURCE
Original cataloging agency BD-RjUL
Language of cataloging eng
Transcribing agency BD-RjUL
041 ## - LANGUAGE CODE
Language code of text/sound track or separate title ben
082 ## - DEWEY DECIMAL CLASSIFICATION NUMBER
Edition number 23
Classification number 891.441
Author mark and year BAN 2022
245 ## - TITLE STATEMENT
Title বঙ্গবন্ধু শেখ মুজিবকে নিবেদিত কবিতা /
Statement of responsibility, etc. সম্পাদনায় কামাল চৌধুরী /
260 ## - PUBLICATION, DISTRIBUTION, ETC. (IMPRINT)
Place of publication, distribution, etc. ঢাকা :
Name of publisher, distributor, etc. জাতির পিতা বঙ্গবন্ধু শেখ মুজিবুর রহমানের জন্মশতবার্ষিকী উদযাপন জাতীয় বাস্তবায়ন কমিটি ,
Date of publication, distribution, etc. ২০২২
300 ## - PHYSICAL DESCRIPTION
Pagination ৪৭৭ পৃ.;
Size ২৫ সেমি.
600 ## - SUBJECT ADDED ENTRY--PERSONAL NAME
Personal name মুজিবুর রহমান, শেখ
Dates associated with a name ১৯২০-১৯৭৫
Personal name Mujibur Rahman, shekh
Dates associated with a name 1920-1975
650 ## - SUBJECT ADDED ENTRY--TOPICAL TERM
Topical term or geographic name as entry element বাংলা কবিতা
Topical term or geographic name as entry element Bengali poetry
700 ## - ADDED ENTRY--PERSONAL NAME
Personal name চৌধুরী, কামাল
942 ## - ADDED ENTRY ELEMENTS (KOHA)
Source of classification or shelving scheme Dewey Decimal Classification
Koha item type Books
Holdings
Lost status Source of classification or shelving scheme Damaged status Not for loan Collection code Permanent Location Current Location Shelving location Date acquired Source of acquisition Total Checkouts Full call number Date last seen Copy number Koha item type
  Dewey Decimal Classification   Not For Loan Non-fiction Central Library, University of Rajshahi Central Library, University of Rajshahi Reading Room 14/08/2022 Author   B 891.441 BAN 2022 28/08/2022 C-1 Books